Documents officiels. (Record no. 89856)
[ view plain ]
| 000 -LEADER | |
|---|---|
| fixed length control field | 00835cam a22002291 4500 |
| 001 - CONTROL NUMBER | |
| control field | sd 40000170 |
| 003 - CONTROL NUMBER IDENTIFIER | |
| control field | DLC |
| 005 - DATE AND TIME OF LATEST TRANSACTION | |
| control field | 20260227112733.0 |
| 008 - FIXED-LENGTH DATA ELEMENTS--GENERAL INFORMATION | |
| fixed length control field | 870421s1939 it c 000 0 fre c |
| 010 ## - LIBRARY OF CONGRESS CONTROL NUMBER | |
| LC control number | sd 40000170 |
| 035 ## - SYSTEM CONTROL NUMBER | |
| System control number | (OCoLC)15562396 |
| 040 ## - CATALOGING SOURCE | |
| Original cataloging agency | U.S. Dept. of State Library |
| Transcribing agency | DGW |
| Modifying agency | DLC |
| 042 ## - AUTHENTICATION CODE | |
| Authentication code | premarc |
| 050 00 - LIBRARY OF CONGRESS CALL NUMBER | |
| Classification number | JX1930 |
| Item number | .U5 1939 |
| 111 2# - MAIN ENTRY--MEETING NAME | |
| Meeting name or jurisdiction name as entry element | Universal Peace Congress |
| Number of part/section/meeting | (33d : |
| Date of meeting or treaty signing | 1939 : |
| Location of meeting | Zurich) |
| 245 10 - TITLE STATEMENT | |
| Title | Documents officiels. |
| 260 ## - PUBLICATION, DISTRIBUTION, ETC. | |
| Place of publication, distribution, etc. | Genève, |
| Name of publisher, distributor, etc. | Le Bureau international de la paix |
| Date of publication, distribution, etc. | [1939?] |
| 300 ## - PHYSICAL DESCRIPTION | |
| Extent | 132 p. |
| Other physical details | front. (port.) |
| Dimensions | 26 cm. |
| 500 ## - GENERAL NOTE | |
| General note | At head of title: XXXIIIe Congrès universel de la paix, tenu à Zurich, salle du Grand conseil du 21 au 24 août 1939. |
| 500 ## - GENERAL NOTE | |
| General note | Text mainly in French; the resolutions adopted are in French, Eng and German. |
| 650 #0 - SUBJECT ADDED ENTRY--TOPICAL TERM | |
| Topical term or geographic name entry element | Peace |
| Form subdivision | Congresses. |
No items available.